Green Day Albums Tile Select - Statistics

General Stats
  • This quiz has been taken 467 times
  • The average score is 38 of 45
Answer Stats
Question Tile Select % Correct
the following songs that are on Dookie (1994). Android No
95%
the following songs that are on American Idiot (2004). Jesus of Suburbia Yes
93%
the following songs that are on Kerplunk (1991). Longview No
93%
the following songs that are on American Idiot (2004). Minority No
93%
the following songs that are on Dookie (1994). Stuck with Me No
93%
the following songs that are on Dookie (1994). Welcome to Paradise Yes
93%
the following songs that are on Dookie (1994). When I Come Around Yes
93%
the following songs that are on Dookie (1994). Who Wrote Holden Caulfield? No
93%
the following songs that are on Dookie (1994). Basket Case Yes
92%
the following songs that are on American Idiot (2004). Wake Me Up When September Ends Yes
92%
the following songs that are on Kerplunk (1991). 2000 Light Years Away Yes
91%
the following songs that are on American Idiot (2004). Boulevard of Broken Dreams Yes
91%
the following songs that are on American Idiot (2004). East Jesus Nowhere No
91%
the following songs that are on Nimrod (1997). Good Riddance (Time of Your Life) Yes
91%
the following songs that are on American Idiot (2004). Know Your Enemy No
91%
the following songs that are on American Idiot (2004). Last of the American Girls No
91%
the following songs that are on Kerplunk (1991). Having a Blast No
90%
the following songs that are on American Idiot (2004). Holiday Yes
90%
the following songs that are on Dookie (1994). She Yes
89%
the following songs that are on Nimrod (1997). Waiting No
89%
the following songs that are on Insomniac (1995). Brain Stew Yes
88%
the following songs that are on Insomniac (1995). Burnout No
88%
the following songs that are on Nimrod (1997). Deadbeat Holiday No
87%
the following songs that are on Nimrod (1997). Nice Guys Finish Last Yes
86%
the following songs that are on Nimrod (1997). Castaway No
85%
the following songs that are on Dookie (1994). Chump Yes
85%
the following songs that are on Insomniac (1995). Geek Stink Breath Yes
84%
the following songs that are on Insomniac (1995). Pulling Teeth No
84%
the following songs that are on American Idiot (2004). Extraordinary Girl Yes
83%
the following songs that are on Dookie (1994). Sassafras Roots Yes
83%
the following songs that are on Insomniac (1995). Platypus (I Hate You) No
81%
the following songs that are on Nimrod (1997). Redundant Yes
81%
the following songs that are on Insomniac (1995). Hitchin' a Ride No
80%
the following songs that are on Kerplunk (1991). 86 No
78%
the following songs that are on Kerplunk (1991). One for the Razorbacks Yes
78%
the following songs that are on Kerplunk (1991). Don't Leave Me No
77%
the following songs that are on Insomniac (1995). Panic Song Yes
77%
the following songs that are on Nimrod (1997). Walking Contradiction No
76%
the following songs that are on Insomniac (1995). Prosthetic Head No
75%
the following songs that are on Nimrod (1997). Scattered Yes
75%
the following songs that are on Kerplunk (1991). 80 Yes
72%
the following songs that are on Kerplunk (1991). One of My Lies Yes
69%
the following songs that are on Insomniac (1995). No Pride Yes
66%
the following songs that are on Nimrod (1997). Worry Rock Yes
63%
the following songs that are on Kerplunk (1991). No One Knows Yes
61%
No matching quizzes found
Score Distribution
Percent of People with Each Score
Percentile by Number Answered
Your Score History
You have not taken this quiz